[Event "16. Sparkassen Open 2017 - Gruppe A"]
[Site "Forchheim"]
[Date "2017.09.29"]
[Round "1.26"]
[White "Wolf, Pablo"]
[Black "Brunner, Jan"]
[Result "0-1"]
[WhiteElo "1940"]
[BlackElo "1992"]
[PlyCount "94"]
[EventDate "2017.??.??"]
[WhiteTeam "SC Bamberg"]
[BlackTeam "TSV Schönaich"]

1. e4 c5 2. Nc3 Nc6 3. g3 d6 4. Bg2 g6 5. f4 Bg7 6. Nf3 e6 7. O-O Nge7 8. d3
O-O 9. Be3 Nd4 10. Rb1 Qa5 11. Bd2 Qa6 12. a3 Bd7 13. e5 Nxf3+ 14. Qxf3 Bc6 15.
Qe2 Bxg2 16. Kxg2 Qc6+ 17. Kg1 Nf5 18. Qf2 dxe5 19. g4 exf4 20. Ne2 Nd4 21.
Bxf4 Nxc2 22. Rbc1 Nd4 23. Nxd4 Bxd4 24. Be3 Qd5 25. Rxc5 Qxc5 26. Bxd4 Qg5 27.
Bf6 Qxg4+ 28. Kh1 Rfc8 29. Bc3 Qf5 30. Qe2 Qd5+ 31. Kg1 Rxc3 32. bxc3 Qc5+ 33.
Qf2 Qxf2+ 34. Kxf2 Rc8 35. Rc1 Kf8 36. Ke3 Ke7 37. Ke4 Kd6 38. d4 b5 39. Kd3
Rc4 40. Re1 Ra4 41. Ra1 Kd5 42. Ra2 f6 43. Ra1 e5 44. Rb1 a6 45. dxe5 fxe5 46.
Ra1 Rh4 47. Ra2 Rh3+ 0-1

[Event "16. Sparkassen Open 2017 - Gruppe B"]
[Site "Forchheim"]
[Date "2017.09.29"]
[Round "1.1"]
[White "Rierl, Klaus"]
[Black "Siegl, Melina"]
[Result "0-1"]
[WhiteElo "1734"]
[BlackElo "1988"]
[PlyCount "84"]
[EventDate "2017.??.??"]
[WhiteTeam "SG Sonneberg"]
[BlackTeam "SW Nürnberg Süd"]

1. Nf3 d6 2. d4 g6 3. b3 Bg7 4. Bb2 f5 5. e3 c6 6. Be2 Nh6 7. c4 Nf7 8. Qc2 e5
9. dxe5 dxe5 10. O-O O-O 11. Rd1 Qc7 12. c5 Qe7 13. Bc4 g5 14. Nbd2 g4 15. Ne1
Kh8 16. b4 Ng5 17. Nd3 a5 18. a3 Na6 19. Bxa6 Rxa6 20. Nc4 Nf7 21. Nxa5 Be6 22.
Nc4 Bd5 23. Qc3 Re8 24. Qc2 Qe6 25. Nd2 Ng5 26. Nc1 h5 27. Ne2 Qg6 28. Nc3 Be6
29. Nf1 Raa8 30. Rd6 Nf7 31. Rd2 h4 32. g3 Ng5 33. Re2 Bc4 34. Nd1 Nh3+ 35. Kg2
Qe6 36. Rd2 Bb3 37. Qc3 Bd5+ 38. Rxd5 Qxd5+ 39. e4 Qxe4+ 40. f3 Qe2+ 41. Nf2
Qxf2+ 42. Kh1 Qg1# 0-1

[Event "16. Sparkassen Open 2017 - Gruppe B"]
[Site "Forchheim"]
[Date "2017.09.29"]
[Round "1.2"]
[White "Beck, Karl"]
[Black "Walter, Stefan"]
[Result "1-0"]
[WhiteElo "1981"]
[BlackElo "1944"]
[PlyCount "47"]
[EventDate "2017.??.??"]
[WhiteTeam "SC Markt Berolzheim"]
[BlackTeam "SGem Fürth"]

1. e4 d5 2. exd5 Qxd5 3. Nc3 Qd8 4. d4 Nf6 5. Nf3 e6 6. Bc4 Bd6 7. O-O b6 8.
Re1 O-O 9. Bg5 Re8 10. d5 e5 11. Ne4 Nbd7 12. Bb5 a6 13. Bc6 Rb8 14. Bxf6 gxf6
15. Nh4 Kh8 16. Qh5 Rf8 17. Qh6 Be7 18. Re3 Rg8 19. Rf3 Bf8 20. Qh5 f5 21. Rxf5
Nc5 22. Rxf7 Rg7 23. Ng6+ Kg8 24. Rxf8+ 1-0

[Event "16. Sparkassen Open 2017 - Gruppe B"]
[Site "Forchheim"]
[Date "2017.09.29"]
[Round "1.3"]
[White "Diller, Andreas"]
[Black "Luther, Helmut"]
[Result "1-0"]
[WhiteElo "1885"]
[BlackElo "2015"]
[PlyCount "40"]
[EventDate "2017.??.??"]
[WhiteTeam "SK Rothenburg"]
[BlackTeam "SW Nürnberg Süd"]

1. e4 d5 2. e5 Bf5 3. f4 e6 4. Nf3 c5 5. Bb5+ Nc6 6. Bxc6+ bxc6 7. d3 Be7 8.
O-O h6 9. c4 dxc4 10. dxc4 Bd3 11. Rf2 Bxc4 12. Rd2 Qc7 13. Nc3 Bd5 14. f5 Rd8
15. Nxd5 cxd5 16. fxe6 fxe6 17. Qa4+ Qd7 18. Qg4 Bf8 19. Nh4 h5 20. Qg6+ Qf7
1-0

[Event "16. Sparkassen Open 2017 - Gruppe B"]
[Site "Forchheim"]
[Date "2017.09.29"]
[Round "1.4"]
[White "Sippl, Martin"]
[Black "Dann, Dirk"]
[Result "1-0"]
[WhiteElo "2094"]
[BlackElo "1829"]
[PlyCount "45"]
[EventDate "2017.??.??"]
[WhiteTeam "SC Postbauer-Heng"]
[BlackTeam "Schleswiger SV"]

1. e4 c5 2. Nf3 Nc6 3. d4 cxd4 4. Nxd4 g6 5. Nc3 Bg7 6. Be3 Nf6 7. Bc4 O-O 8.
Bb3 Qa5 9. f3 d6 10. Qd2 Nxd4 11. Bxd4 Bd7 12. O-O-O Bc6 13. Kb1 Qc7 14. h4 a5
15. h5 a4 16. Bd5 Bxd5 17. Nxd5 Nxd5 18. Bxg7 Kxg7 19. exd5 Rh8 20. hxg6 hxg6
21. Qd4+ f6 22. Rxh8 Rxh8 23. Qxa4 1-0

[Event "16. Sparkassen Open 2017 - Gruppe B"]
[Site "Forchheim"]
[Date "2017.09.29"]
[Round "1.5"]
[White "Fett, Helmut"]
[Black "Homi, Joseph"]
[Result "0-1"]
[WhiteElo "1850"]
[BlackElo "1850"]
[PlyCount "52"]
[EventDate "2017.??.??"]
[WhiteTeam "SG Siemens Erlangen"]
[BlackTeam "SGem Fürth"]

1. c4 f5 2. d4 Nf6 3. Nf3 d6 4. Nc3 g6 5. e3 Bg7 6. Be2 O-O 7. O-O c6 8. b3 Qe8
9. Bb2 h6 10. d5 Na6 11. Nd4 Bd7 12. Rb1 Nc7 13. Bf3 c5 14. Ne6 Nxe6 15. dxe6
Bxe6 16. Bxb7 Rb8 17. Bd5 Nxd5 18. Nxd5 Qf7 19. Bxg7 Kxg7 20. Qd2 Bxd5 21. cxd5
f4 22. e4 f3 23. Qe3 g5 24. Rbc1 Qh5 25. h3 g4 26. Kh2 fxg2 0-1

[Event "16. Sparkassen Open 2017 - Gruppe B"]
[Site "Forchheim"]
[Date "2017.09.29"]
[Round "1.6"]
[White "Pikal, Alexander"]
[Black "Thürauf, Peter"]
[Result "1/2-1/2"]
[WhiteElo "1966"]
[BlackElo "1842"]
[PlyCount "123"]
[EventDate "2017.??.??"]
[WhiteTeam "SC Ansbach"]
[BlackTeam "SW Nürnberg Süd"]

1. Nf3 Nf6 2. e3 d5 3. b3 g6 4. Bb2 Bg7 5. d3 O-O 6. Nbd2 c5 7. a4 Nc6 8. Ne5
Nxe5 9. Bxe5 Qa5 10. Be2 Nd7 11. Bxg7 Kxg7 12. O-O Ne5 13. f4 Nc6 14. e4 e6 15.
Bf3 Qc3 16. Kh1 Nd4 17. Ra2 Nxf3 18. Rxf3 b6 19. Qa1 Qxa1+ 20. Rxa1 Bb7 21.
exd5 exd5 22. Re3 Rfe8 23. Rae1 Bc6 24. Kg1 Rxe3 25. Rxe3 Re8 26. Rxe8 Bxe8 27.
d4 c4 28. Kf2 cxb3 29. cxb3 a5 30. Nb1 b5 31. axb5 Bxb5 32. Nc3 Bc6 33. Nd1 Kf6
34. Ne3 Ke6 35. g4 Kd6 36. g5 Bd7 37. Ke2 Be6 38. Kd3 Kc6 39. Kc3 Kb6 40. Kb2
Kb5 41. Ka3 Kb6 42. Nd1 Bd7 43. Nf2 Bf5 44. Kb2 Kb5 45. Nd1 Be6 46. Nc3+ Kb4
47. Na4 Bf5 48. Nc5 Kb5 49. Nb7 Kb4 50. Nd6 Be6 51. Ne8 a4 52. bxa4 Bd7 53. Nf6
Bxa4 54. Nxd5+ Kc4 55. Nb6+ Kxd4 56. Nxa4 Ke4 57. Kc2 Kxf4 58. Kd3 Kxg5 59. Nc3
Kg4 60. Ne4 h5 61. h3+ Kxh3 62. Ng5+ 1/2-1/2

[Event "16. Sparkassen Open 2017 - Gruppe B"]
[Site "Forchheim"]
[Date "2017.09.29"]
[Round "1.7"]
[White "Gottlieb, Michael"]
[Black "Niebler, Paul"]
[Result "0-1"]
[WhiteElo "1768"]
[BlackElo "1910"]
[PlyCount "68"]
[EventDate "2017.??.??"]
[WhiteTeam "SC Postbauer-Heng"]

1. e4 e6 2. Nf3 d5 3. Nc3 Nf6 4. e5 Nfd7 5. d4 c5 6. dxc5 Bxc5 7. Bd3 Nc6 8.
Bf4 f6 9. exf6 Qxf6 10. Bg5 Qf7 11. O-O O-O 12. Bh4 Qh5 13. Bg3 Nf6 14. Re1 Bd7
15. Be2 Bb4 16. Nd2 Qg5 17. f4 Qh6 18. Rf1 Rac8 19. Ncb1 a6 20. c3 Bd6 21. Qe1
Rce8 22. c4 e5 23. f5 Nd4 24. Bd1 Bc5 25. Bf2 e4 26. Be3 Nc2 27. Bxc2 Bxe3+ 28.
Kh1 Ng4 29. h3 Rxf5 30. Rxf5 Bxf5 31. cxd5 Nf2+ 32. Kh2 Nxh3 33. Nc4 Nf4+ 34.
Kg3 Qg5+ 0-1

[Event "16. Sparkassen Open 2017 - Gruppe B"]
[Site "Forchheim"]
[Date "2017.09.29"]
[Round "1.8"]
[White "Gebhardt, Christian"]
[Black "Böhme, Andre"]
[Result "0-1"]
[WhiteElo "1935"]
[BlackElo "1887"]
[PlyCount "82"]
[EventDate "2017.??.??"]
[WhiteTeam "SV Seubelsdorf"]
[BlackTeam "SV Hellern"]

1. e4 c5 2. Nf3 e6 3. c3 d5 4. e5 Nc6 5. d4 Qb6 6. a3 Bd7 7. b4 cxb4 8. cxb4
Nge7 9. Be2 Nf5 10. Be3 Nxe3 11. fxe3 Be7 12. O-O O-O 13. Bd3 f6 14. exf6 Bxf6
15. Nc3 Ne7 16. Rc1 Rac8 17. Qb3 g6 18. b5 Nf5 19. Na4 Qd6 20. Bxf5 gxf5 21.
Nc5 b6 22. Nd3 h6 23. Nde5 Kg7 24. Qb2 Bg5 25. Nxg5 hxg5 26. a4 Rh8 27. Rxc8
Rxc8 28. Rc1 Rxc1+ 29. Qxc1 Kf6 30. e4 dxe4 31. Qxg5+ Kxg5 32. Nf7+ Kf4 33.
Nxd6 Ke3 34. h4 Kxd4 35. Nf7 Be8 36. Nd6 Bh5 37. Nc8 Kd3 38. Nxa7 e3 39. Nc6 e2
40. Ne5+ Kd2 41. Nc4+ Kc3 0-1

[Event "16. Sparkassen Open 2017 - Gruppe B"]
[Site "Forchheim"]
[Date "2017.09.29"]
[Round "1.9"]
[White "Khamenya, Vitalia"]
[Black "Koelbl, Wolfgang"]
[Result "1-0"]
[WhiteElo "1853"]
[BlackElo "1817"]
[PlyCount "71"]
[EventDate "2017.??.??"]
[WhiteTeam "SK Gräfelfing"]
[BlackTeam "SK Klosterlechfeld"]

1. e4 d6 2. d4 Nf6 3. Nc3 Nbd7 4. Nf3 e5 5. d5 Be7 6. Bd3 h6 7. Be3 Nf8 8. Na4
Ng6 9. Qd2 Bd7 10. Nc3 c5 11. Rb1 O-O 12. b4 cxb4 13. Rxb4 b6 14. O-O Nh5 15.
Bb5 f5 16. exf5 Bxf5 17. g4 Nhf4 18. gxf5 Rxf5 19. Bxf4 Nxf4 20. Bd3 Bg5 21.
Bxf5 Nh3+ 22. Bxh3 Bxd2 23. Be6+ Kh8 24. Nxd2 Qg5+ 25. Rg4 Qxd2 26. Ne4 Qxc2
27. Nxd6 Qxa2 28. Nf5 Rf8 29. Nxg7 Qd2 30. Nh5 b5 31. Rg2 b4 32. Kh1 b3 33.
Rgg1 Qg5 34. Rxg5 hxg5 35. Bd7 a5 36. Rb1 1-0

[Event "16. Sparkassen Open 2017 - Gruppe B"]
[Site "Forchheim"]
[Date "2017.09.29"]
[Round "1.11"]
[White "Wachtel, Arthur"]
[Black "Reinhard, Ralf-Peter"]
[Result "1/2-1/2"]
[WhiteElo "1863"]
[BlackElo "1935"]
[PlyCount "153"]
[EventDate "2017.??.??"]
[WhiteTeam "SK Freising"]
[BlackTeam "vereinslos"]

1. e4 c5 2. Nf3 d6 3. Bb5+ Nd7 4. O-O a6 5. Bxd7+ Bxd7 6. Re1 Nf6 7. c3 Bc6 8.
d3 e6 9. Nbd2 b5 10. d4 Be7 11. b3 O-O 12. Bb2 Re8 13. Rc1 Rc8 14. c4 cxd4 15.
Nxd4 Bd7 16. a3 Qb6 17. h3 Qb7 18. Qf3 Rc7 19. Qd3 Rec8 20. cxb5 Rxc1 21. Rxc1
Rxc1+ 22. Bxc1 axb5 23. Bb2 d5 24. exd5 Qxd5 25. Qf3 e5 26. Qxd5 Nxd5 27. N4f3
f6 28. b4 Bf5 29. Ba1 g5 30. Bb2 Kf7 31. h4 g4 32. Ne1 Ke6 33. g3 Bf8 34. Kf1
Nb6 35. Ke2 Kd5 36. Ng2 Bd7 37. Ne3+ Kd6 38. Ne4+ Ke7 39. Nc5 Bc8 40. Nd3 Na4
41. Ba1 h5 42. Nd5+ Kf7 43. Nb2 Nxb2 44. Bxb2 Ke6 45. Nc3 Bb7 46. Bc1 f5 47.
Bg5 Bc6 48. Kd2 Bd6 49. Ke3 Bc7 50. Kd3 Bb6 51. Be3 Bc7 52. Ne2 Bd6 53. Bg5 Bc7
54. Be3 Bg2 55. Nc3 Bf1+ 56. Kd2 Bc4 57. Bc5 Bf1 58. Be3 Bd6 59. Ke1 Bc4 60.
Bb6 f4 61. Ne4 Be7 62. Kd2 Kf5 63. Nc3 e4 64. Bc7 fxg3 65. fxg3 Bf8 66. Bf4 Bg7
67. Be3 Be5 68. Bf2 Bc7 69. Nd1 Ke5 70. Nc3 Bd3 71. Be3 Ke6 72. Bf2 Be5 73. Nd1
Kd5 74. Ne3+ Ke6 75. Nd1 Kf5 76. Ne3+ Ke6 77. Nd1 1/2-1/2

[Event "16. Sparkassen Open 2017 - Gruppe B"]
[Site "Forchheim"]
[Date "2017.09.29"]
[Round "1.12"]
[White "Khalil, Shaiar"]
[Black "Paeslack, Luis"]
[Result "0-1"]
[WhiteElo "1859"]
[BlackElo "1825"]
[PlyCount "42"]
[EventDate "2017.??.??"]
[WhiteTeam "SC Ansbach"]
[BlackTeam "SK Mainaschaff"]

1. d4 Nf6 2. c4 g6 3. Nc3 c5 4. d5 d6 5. e4 Bg7 6. Nf3 O-O 7. h3 e6 8. Bd3 exd5
9. exd5 Re8+ 10. Be3 Nbd7 11. O-O Nh5 12. Qd2 f5 13. Bg5 Bf6 14. g4 fxg4 15.
hxg4 Ne5 16. Nxe5 Bxg5 17. Qc2 Rxe5 18. gxh5 Bf4 19. Ne4 Qh4 20. Ng3 Rxh5 21.
f3 Qxg3+ 0-1

[Event "16. Sparkassen Open 2017 - Gruppe B"]
[Site "Forchheim"]
[Date "2017.09.29"]
[Round "1.13"]
[White "Heppert, Lars"]
[Black "Mehling, Katharina"]
[Result "1/2-1/2"]
[WhiteElo "1904"]
[BlackElo "1907"]
[PlyCount "66"]
[EventDate "2017.??.??"]
[WhiteTeam "SK Neuburg"]
[BlackTeam "Spvgg Stetten"]

1. c4 e5 2. g3 Nc6 3. Bg2 f5 4. Nc3 Nf6 5. d3 g6 6. e4 d6 7. Nge2 Bg7 8. O-O
O-O 9. Nd5 Ne7 10. Nec3 c6 11. Nxf6+ Rxf6 12. d4 Qc7 13. f4 exd4 14. Qxd4 fxe4
15. Qxe4 Bf5 16. Qe2 Qd7 17. Be3 Re8 18. Qf2 Bd3 19. Rfd1 Bxc4 20. Ne4 Nf5 21.
Nxf6+ Bxf6 22. Re1 Nxe3 23. Rxe3 Rd8 24. Rd1 Bf7 25. Red3 b6 26. Qd2 d5 27. b4
Qd6 28. b5 c5 29. Bxd5 Bd4+ 30. Rxd4 cxd4 31. Bxf7+ Kxf7 32. Qd3 Qd5 33. Rd2
Rd7 1/2-1/2

[Event "16. Sparkassen Open 2017 - Gruppe B"]
[Site "Forchheim"]
[Date "2017.09.29"]
[Round "1.14"]
[White "Gets, Alexej"]
[Black "Manco, Michela"]
[Result "1-0"]
[WhiteElo "1748"]
[BlackElo "1841"]
[PlyCount "37"]
[EventDate "2017.??.??"]
[WhiteTeam "SGem Fürth"]
[BlackTeam "TV Tegernsee"]

1. b3 e5 2. Bb2 Nc6 3. e3 d5 4. Bb5 Bd6 5. Nf3 Qe7 6. d4 Bg4 7. Bxc6+ bxc6 8.
dxe5 Bxe5 9. Bxe5 Bxf3 10. Qd4 Bxg2 11. Bxg7 Bxh1 12. Bxh8 f6 13. Nd2 O-O-O 14.
Ke2 Be4 15. Nxe4 dxe4 16. Qxa7 Nh6 17. Qa8+ Kd7 18. Rd1+ Ke8 19. Qxc6+ 1-0

[Event "16. Sparkassen Open 2017 - Gruppe B"]
[Site "Forchheim"]
[Date "2017.09.29"]
[Round "1.15"]
[White "Hummel, Thomas"]
[Black "Kocak, Ediz"]
[Result "0-1"]
[WhiteElo "1887"]
[BlackElo "1698"]
[PlyCount "56"]
[EventDate "2017.??.??"]
[WhiteTeam "SK Neumarkt"]
[BlackTeam "SGem Fürth"]

1. b3 d5 2. Nf3 Nf6 3. Bb2 g6 4. e3 Bg7 5. Be2 Nbd7 6. d4 O-O 7. Nbd2 c5 8. O-O
b6 9. Rc1 Bb7 10. c4 e6 11. Bd3 Qe7 12. Qe2 Rfd8 13. Rfd1 Ne4 14. Bxe4 dxe4 15.
Ne1 Nb8 16. Nb1 Nc6 17. dxc5 Qxc5 18. Bxg7 Kxg7 19. Nc3 Ne5 20. Na4 Qe7 21. Rd4
Qg5 22. Rxd8 Rxd8 23. Rd1 Nf3+ 24. Kh1 Qh4 25. Nxf3 exf3 26. Qb2+ Kh6 27. Rxd8
Qg4 28. g3 Qh3 0-1

[Event "16. Sparkassen Open 2017 - Gruppe B"]
[Site "Forchheim"]
[Date "2017.09.29"]
[Round "1.16"]
[White "Löllmann, Heinrich"]
[Black "Faust, Bernhard"]
[Result "1-0"]
[WhiteElo "1845"]
[BlackElo "1841"]
[PlyCount "61"]
[EventDate "2017.??.??"]
[WhiteTeam "SV Bubenreuth"]
[BlackTeam "SK Rothenburg"]

1. e4 b6 2. d4 Bb7 3. Bd3 e6 4. Ne2 f5 5. f3 fxe4 6. fxe4 Qh4+ 7. Ng3 Nf6 8.
Qf3 Bd6 9. O-O O-O 10. Qe2 Ng4 11. Rxf8+ Bxf8 12. Nf1 Nc6 13. c3 Be7 14. Nbd2
Rf8 15. Nf3 Qh5 16. Ng3 Qf7 17. h3 Nh6 18. Bd2 Qg6 19. Kh2 Kh8 20. Re1 Nd8 21.
d5 Qe8 22. c4 Ndf7 23. Bc3 Ng5 24. Qe3 Nxf3+ 25. gxf3 Qf7 26. Qxh6 Kg8 27. Qe3
Qxf3 28. Qxf3 Rxf3 29. Be2 Rf8 30. Kg2 Bh4 31. Bg4 1-0

[Event "16. Sparkassen Open 2017 - Gruppe B"]
[Site "Forchheim"]
[Date "2017.09.29"]
[Round "1.17"]
[White "Schmitz, Tim"]
[Black "Adler, Herbert"]
[Result "1-0"]
[WhiteElo "1833"]
[BlackElo "1940"]
[PlyCount "47"]
[EventDate "2017.??.??"]
[WhiteTeam "SC Sendling"]
[BlackTeam "SG Büchenbach/Roth"]

1. e4 e6 2. d4 d5 3. Nc3 Bb4 4. e5 c5 5. a3 Bxc3+ 6. bxc3 Ne7 7. Qg4 Nbc6 8.
Bd3 Qa5 9. Bd2 c4 10. Bf1 O-O 11. Nh3 f6 12. f4 Qa4 13. Qd1 Bd7 14. Be2 Be8 15.
O-O Bg6 16. Bg4 Nd8 17. Ra2 b5 18. Bh5 Ndc6 19. Bxg6 Nxg6 20. g4 f5 21. Ng5
Rae8 22. gxf5 Rxf5 23. Qh5 Nf8 24. Qxe8 1-0

[Event "16. Sparkassen Open 2017 - Gruppe B"]
[Site "Forchheim"]
[Date "2017.09.29"]
[Round "1.18"]
[White "Modric, Vladimir"]
[Black "Lohvinov, Petro"]
[Result "1/2-1/2"]
[WhiteElo "1899"]
[BlackElo "1775"]
[PlyCount "58"]
[EventDate "2017.??.??"]
[WhiteTeam "SC Nied"]
[BlackTeam "SK München Südost"]

1. Nf3 Nf6 2. b3 e6 3. Bb2 b6 4. e3 Bb7 5. Be2 e5 6. O-O Be7 7. c4 O-O 8. Qc2
d5 9. cxd5 Nxd5 10. a3 Nd7 11. d3 N5f6 12. Nbd2 Rc8 13. Rac1 b5 14. Qb1 a6 15.
Rc2 Bd6 16. Re1 Re8 17. Qa1 Qe7 18. Nxe5 Nb6 19. Ndf3 Bd5 20. Nd2 Red8 21. e4
Bb7 22. Nef3 Bf4 23. Be5 Bxe5 24. Qxe5 h6 25. Qf4 Rd7 26. Qe3 Rdd8 27. Ne5 Nbd7
28. Nxd7 Nxd7 29. b4 Qd6 1/2-1/2

[Event "16. Sparkassen Open 2017 - Gruppe B"]
[Site "Forchheim"]
[Date "2017.09.29"]
[Round "1.19"]
[White "Schlötterer, Hermann"]
[Black "Kozik, Andreas"]
[Result "0-1"]
[WhiteElo "1860"]
[BlackElo "1935"]
[PlyCount "80"]
[EventDate "2017.??.??"]
[WhiteTeam "Zabo-Eintracht Nürnberg"]
[BlackTeam "SV Bad Bevensen"]

1. d4 Nf6 2. g3 g6 3. Bg2 Bg7 4. e4 d6 5. h3 O-O 6. Be3 Nbd7 7. Nc3 c6 8. a4 e5
9. Nge2 Ne8 10. O-O f5 11. f4 Qe7 12. Qd2 a5 13. exf5 gxf5 14. fxe5 dxe5 15.
dxe5 Nxe5 16. b3 Be6 17. Rad1 Nf6 18. Bb6 Ned7 19. Bc7 Ne8 20. Bf4 Ndf6 21. Qe3
Rf7 22. Bg5 Nc7 23. Nf4 h6 24. Bh4 Re8 25. Ng6 Qb4 26. Qd3 Qc5+ 27. Kh1 Rd7 28.
Qf3 Nfd5 29. Nxd5 Bxd5 30. Qh5 Bxg2+ 31. Kxg2 Qxc2+ 32. Kh1 Re2 33. Qxe2 Qxe2
34. Rde1 Qc2 35. Ne7+ Kh7 36. Nxf5 Rd2 37. Ne3 Qe4+ 38. Kg1 Nd5 39. Rf2 Rxf2
40. Kxf2 Bd4 0-1

[Event "16. Sparkassen Open 2017 - Gruppe B"]
[Site "Forchheim"]
[Date "2017.09.29"]
[Round "1.20"]
[White "Ceglar, Michael"]
[Black "Hofmann, Lorenz"]
[Result "1/2-1/2"]
[WhiteElo "2000"]
[BlackElo "1775"]
[PlyCount "51"]
[EventDate "2017.??.??"]
[WhiteTeam "SC Postbauer-Heng"]
[BlackTeam "SV Lauf"]

1. e4 e5 2. f4 exf4 3. Nf3 Nf6 4. e5 Nd5 5. Nc3 Nb6 6. d4 d5 7. Bxf4 Nc6 8. Bd3
Bg4 9. Be3 Be7 10. O-O O-O 11. Qc1 f6 12. exf6 Bxf6 13. Ne2 Nb4 14. Qd2 Nxd3
15. Qxd3 Nc4 16. b3 Nxe3 17. Qxe3 Re8 18. Ne5 Qd6 19. Nf4 Bxe5 20. dxe5 Qxe5
21. Qg3 Bd7 22. Rad1 d4 23. c3 Bc6 24. cxd4 Qe3+ 25. Qxe3 Rxe3 26. d5 1/2-1/2

[Event "16. Sparkassen Open 2017 - Gruppe B"]
[Site "Forchheim"]
[Date "2017.09.29"]
[Round "1.21"]
[White "Cordts, Elof"]
[Black "Baumgärtner, Frank"]
[Result "1/2-1/2"]
[WhiteElo "1664"]
[BlackElo "1802"]
[PlyCount "31"]
[EventDate "2017.??.??"]
[WhiteTeam "SC Erlangen"]
[BlackTeam "Kronacher SK"]

1. e4 e5 2. Nf3 Nc6 3. Bc4 Bc5 4. c3 d6 5. Bb3 Nf6 6. d3 h6 7. O-O Bg4 8. Re1
O-O 9. Nbd2 Qd7 10. Nf1 Ne7 11. Ng3 Ng6 12. Be3 Bb6 13. Bxb6 axb6 14. Re3 Nf4
15. d4 exd4 16. cxd4 1/2-1/2

[Event "16. Sparkassen Open 2017 - Gruppe B"]
[Site "Forchheim"]
[Date "2017.09.29"]
[Round "1.22"]
[White "Kormann, Christian"]
[Black "Ullrich, Daniel"]
[Result "0-1"]
[WhiteElo "1737"]
[BlackElo "1657"]
[PlyCount "56"]
[EventDate "2017.??.??"]
[WhiteTeam "SC Forchheim"]
[BlackTeam "SC Bergrheinfeld"]

1. e4 d6 2. d4 Nf6 3. Nc3 g6 4. f4 Bg7 5. Nf3 O-O 6. Be3 b6 7. Bd3 Bb7 8. h3 c5
9. d5 e6 10. dxe6 fxe6 11. Ng5 Qd7 12. O-O d5 13. e5 d4 14. exf6 Bxf6 15. Nce4
dxe3 16. Nxf6+ Rxf6 17. Qg4 Na6 18. Bc4 Nc7 19. Rad1 Qe7 20. a4 Bd5 21. Bd3 c4
22. Be2 Raf8 23. Rd4 e5 24. fxe5 Rxf1+ 25. Bxf1 Qxe5 26. Bxc4 Bxc4 27. Rxc4 e2
28. Nf3 Rxf3 0-1

[Event "16. Sparkassen Open 2017 - Gruppe B"]
[Site "Forchheim"]
[Date "2017.09.29"]
[Round "1.23"]
[White "Mantel, Hubert"]
[Black "Weidl, Robert"]
[Result "1-0"]
[WhiteElo "1761"]
[BlackElo "1855"]
[PlyCount "67"]
[EventDate "2017.??.??"]
[WhiteTeam "SC Noris-Tarrasch Nürnberg"]
[BlackTeam "SC Unterhaching"]

1. e4 c5 2. Nc3 d6 3. g3 Nf6 4. h3 Nc6 5. Bg2 g6 6. d3 Bg7 7. Be3 O-O 8. Qd2 a6
9. Nf3 Rb8 10. Bh6 Bd7 11. g4 b5 12. O-O e6 13. Nh4 Nd4 14. Bxg7 Kxg7 15. Nf3
b4 16. Ne2 e5 17. Nfxd4 cxd4 18. f4 h5 19. g5 Nh7 20. h4 f5 21. Ng3 Qc8 22. Rf2
Rf7 23. Qe2 Rb5 24. Raf1 Nf8 25. Kh2 exf4 26. Rxf4 Ne6 27. exf5 Nxf4 28. f6+
Kg8 29. Rxf4 Bg4 30. Qe4 Re5 31. Qxg6+ Kf8 32. Qh6+ Ke8 33. g6 Rf8 34. g7 1-0

[Event "16. Sparkassen Open 2017 - Gruppe B"]
[Site "Forchheim"]
[Date "2017.09.29"]
[Round "1.24"]
[White "Meier, Manfred"]
[Black "Meyer, Robert"]
[Result "1/2-1/2"]
[WhiteElo "1854"]
[BlackElo "1715"]
[PlyCount "77"]
[EventDate "2017.??.??"]
[WhiteTeam "SV Neustadt/Aisch"]
[BlackTeam "SC Stein"]

1. e4 e6 2. d4 d5 3. e5 c5 4. c3 Nc6 5. Nf3 Nge7 6. Be2 cxd4 7. cxd4 Nf5 8. Nc3
Qb6 9. Bb5 Be7 10. O-O O-O 11. Bxc6 bxc6 12. a3 Ba6 13. Re1 c5 14. Na4 Qb5 15.
Nxc5 Bxc5 16. dxc5 Qxc5 17. Be3 Nxe3 18. Rxe3 Rac8 19. Nd4 Qc7 20. h3 h6 21.
Qd2 Qb8 22. Rae1 Rc5 23. Rg3 Kh7 24. Kh2 Qe8 25. Qf4 Bc8 26. Qg4 g6 27. Qf4 Qe7
28. Qe3 Rc4 29. b3 Rc5 30. f4 a6 31. Rf3 Rc7 32. Rc1 Rxc1 33. Qxc1 Bb7 34. Rc3
Rd8 35. b4 Rd7 36. Rc5 Kg7 37. a4 g5 38. fxg5 Qxg5 39. Qxg5+ 1/2-1/2

[Event "16. Sparkassen Open 2017 - Gruppe B"]
[Site "Forchheim"]
[Date "2017.09.29"]
[Round "1.25"]
[White "Lindner, Dominik"]
[Black "Götzel, Alfred"]
[Result "0-1"]
[WhiteElo "1696"]
[BlackElo "1923"]
[PlyCount "59"]
[EventDate "2017.??.??"]
[WhiteTeam "SC Friedberg Gehörl. SV"]
[BlackTeam "SC Höchstadt/Aisch"]

1. e4 c6 2. d4 d5 3. Nc3 dxe4 4. Nxe4 Nf6 5. Nxf6+ exf6 6. Nf3 Bf5 7. Bc4 Qe7+
8. Be3 Qb4+ 9. Nd2 Qxb2 10. Rb1 Qxc2 11. Qxc2 Bxc2 12. Rxb7 Bg6 13. d5 Bd6 14.
O-O O-O 15. Bxa7 cxd5 16. Bxd5 Bd3 17. Rd1 Ba6 18. Rb6 Bxh2+ 19. Kxh2 Rxa7 20.
Nc4 Bxc4 21. Bxc4 Nd7 22. Ra6 Rc8 23. Bb3 Nc5 24. Rad6 Ne4 25. Rd7 Rxd7 26.
Rxd7 Nc5 27. Rc7 Nxb3 28. axb3 Rb8 29. b4 Kf8 30. Kg3 0-1

[Event "16. Sparkassen Open 2017 - Gruppe B"]
[Site "Forchheim"]
[Date "2017.09.29"]
[Round "1.26"]
[White "Hetzner, Hannes"]
[Black "Großner, Josef"]
[Result "1-0"]
[WhiteElo "1703"]
[BlackElo "1872"]
[PlyCount "103"]
[EventDate "2017.??.??"]
[WhiteTeam "SC Erlangen"]
[BlackTeam "SF Fürth"]

1. e4 e6 2. d4 d5 3. Nd2 dxe4 4. Nxe4 Nd7 5. Nf3 Ngf6 6. Bd3 Nxe4 7. Bxe4 Nf6
8. Bg5 h6 9. Bxf6 Qxf6 10. Qe2 c6 11. O-O Be7 12. c4 O-O 13. Rfd1 Rb8 14. Rab1
Rd8 15. b4 Bd7 16. Ne5 Be8 17. Rb3 Bf8 18. a3 g6 19. Rf3 Qe7 20. Qe3 Bg7 21.
Qf4 Qg5 22. Qxg5 hxg5 23. Bc2 a5 24. Rfd3 axb4 25. axb4 Ra8 26. c5 Ra2 27. Bb3
Ra3 28. Nc4 Ra7 29. Nd6 Bf8 30. Nc4 Be7 31. f3 Rda8 32. Nb6 Rd8 33. Kf2 Rb8 34.
Ke3 Ra3 35. Kd2 Bd6 36. Nc4 Ra7 37. Kc3 Rba8 38. Kb2 Bc7 39. Ne5 Kg7 40. h3 Rd8
41. Nc4 Rda8 42. Rb1 Kf6 43. g4 Rb8 44. Rdd1 b6 45. Kc3 bxc5 46. dxc5 Rab7 47.
Bc2 Ra7 48. Be4 Ke7 49. Nd6 Rd8 50. Nxe8 Rxd1 51. Rxd1 Ra3+ 52. Kb2 1-0

[Event "16. Sparkassen Open 2017 - Gruppe B"]
[Site "Forchheim"]
[Date "2017.09.29"]
[Round "1.27"]
[White "Albayrak, Aylin"]
[Black "Danninger, Jannik"]
[Result "0-1"]
[WhiteElo "1668"]
[BlackElo "1606"]
[PlyCount "110"]
[EventDate "2017.??.??"]
[WhiteTeam "Zabo-Eintracht Nürnberg"]
[BlackTeam "TV Tegernsee"]

1. d4 d5 2. c4 e6 3. Nc3 Nf6 4. Bg5 c5 5. cxd5 cxd4 6. Qxd4 Nc6 7. Qa4 exd5 8.
Rd1 d4 9. Nf3 Bc5 10. Ne4 Bb4+ 11. Nfd2 Be7 12. Ng3 O-O 13. a3 a6 14. Nf3 Qb6
15. b4 h6 16. Bc1 Nd5 17. Bb2 Bd7 18. Qc2 Ncxb4 19. axb4 Bxb4+ 20. Nd2 Ne3 21.
fxe3 dxe3 22. Bc3 Rac8 23. Nde4 Qa5 24. Rd3 Ba4 25. Qb2 Rfd8 26. Nf5 Bxc3+ 27.
Nxc3 Rxc3 28. Rxd8+ Qxd8 29. Nxe3 Rxe3 30. Kf2 Re6 31. Qxb7 Qb6+ 32. Qxb6 Rxb6
33. e4 Rb1 34. Rg1 Bb5 35. Bxb5 Rxg1 36. Kxg1 axb5 37. Kf2 Kf8 38. Ke3 Ke7 39.
Kd4 Kd6 40. h3 f6 41. g3 h5 42. g4 h4 43. Kd3 Ke5 44. Ke3 b4 45. Kd3 b3 46. Kc3
Kxe4 47. Kxb3 Kf3 48. Kc3 Kg3 49. Kd3 Kxh3 50. Ke3 Kxg4 51. Kf2 f5 52. Kg2 f4
53. Kf2 f3 54. Kg1 Kg3 55. Kf1 f2 0-1